000 01610cam a22004097a 4500
003 CHAP
005 20220817041118.0
008 971013s1990 r 00010 d
010 _a6652
011 _a7624
035 _a6848
040 _cCHAP
082 _a338.972
_bC4
110 _aCentro de Ecodesarrollo, A. C. México.
_921060
245 1 4 _aLos municipios de las fronteras de México
260 _aMéxico, D.F. :
_bEl Centro,
_c1990
300 _a4 v.
500 _aLa biblioteca tiene: v.1, v.2
505 _aContenido: v.1 Economía y trabajo.-- v.2 El medio ambiente.-- v.3 Población, cultura y sociedad.-- v.4 Los indicadores estadísticos municipales más sobresalientes
590 _aBATCH-UPD
_b10
_c20130110
_lUCH01
_h0243
590 _aBATCH-UPD
_b10
_c20130110
_lUCH01
_h1131
590 _aBATCH-UPD
_b10
_c20130409
_lUCH01
_h2313
590 _aBATCH-UPD
_b10
_c20130410
_lUCH01
_h1318
590 _aBATCH-UPD
_b10
_c20130913
_lUCH01
_h1901
590 _aCONVERSION
_b10
_c20130109
_lUCH01
_h1305
650 1 4 _aAgricultura
_xAspectos economicos
_zMexico.
_91312
650 1 4 _aEcología agrícola.
_935165
650 1 4 _aMéxico
_xCondiciones económicas.
650 1 4 _aMéxico
_xCondiciones sociales.
_976730
700 0 _aAcevedo, María Luisa.
_9526
700 0 _aNolasco, Margarita.
_981619
710 0 _aCentro Nacional de Desarrollo Municipal. México.
_921228
901 _aBK
942 _cLIBRO
949 _a338.972 C4
_bBC
_cLIBRO
_d33724000434825
_eLIBRO
_fv.2
_gI.c/e
_h84898
_i6848
_si
_t30.00
949 _a338.972 C4
_bBC
_cLIBRO
_d33724000434833
_eLIBRO
_fv.1
_gI.c/e
_h84897
_i6848
_si
_t30.00
999 _c6652
_d6652